000
00281nam a22001217a 4500
003
SGT
082
_a
616.0757
_b
P04B
100
_a
BURGHARDT, ERICH
245
_a
PRIMARY CARE COLONOSCOPY TB. AND ATLAS
260
_a
NEW YORK
_b
THIEME PUB
_c
2004
300
_a
168
942
_2
ddc
_c
BK
999
_c
14567
_d
14567